[Event "GER T103-A03-S email"]
[Site "GER email"]
[Date "2010.11.04"]
[Round "?"]
[White "Kettl, Hans Peter"]
[Black "Novotny, Hans"]
[Result "0-1"]
[WhiteElo "1639"]
[BlackElo "1640"]
[PlyCount "30"]
[EventDate "2010.11.11"]
[EventType "tourn (corr)"]
[EventRounds "8"]
[EventCountry "GER"]
[SourceTitle "Corr 2015"]
[Source "ChessBase"]
[SourceDate "2015.07.17"]
[SourceVersion "1"]
[SourceVersionDate "2015.07.17"]
[SourceQuality "1"]

1. f4 d5 2. Nf3 c6 3. g3 Nf6 4. Bg2 g6 5. d3 Bg7 6. 0-0 0-0 7. Nc3 Na6 8. e4 dxe4 9. dxe4 Nc5 10. e5 Nfe4 11. Nxe4 Nxe4 12. Be3 b6 13. Qe2 Bb7 14. Rad1 Qc7 15. Rd3 Ba6 0-1

[Event "GER T103-A03-S email"]
[Site "GER email"]
[Date "2010.11.04"]
[Round "?"]
[White "Meissner, Ruediger"]
[Black "Novotny, Hans"]
[Result "1-0"]
[WhiteElo "2012"]
[BlackElo "1640"]
[PlyCount "55"]
[EventDate "2010.11.11"]
[EventType "tourn (corr)"]
[EventRounds "8"]
[EventCountry "GER"]
[SourceTitle "Corr 2015"]
[Source "ChessBase"]
[SourceDate "2015.07.17"]
[SourceVersion "1"]
[SourceVersionDate "2015.07.17"]
[SourceQuality "1"]

1. f4 d5 2. d4 Nf6 3. e3 g6 4. Bd3 Bg7 5. Nf3 0-0 6. Nbd2 Nbd7 7. 0-0 c5 8. c3 b6 9. Ne5 Bb7 10. Qf3 Ne4 11. Nxe4 dxe4 12. Bxe4 Bxe4 13. Qxe4 Nxe5 14. fxe5 e6 15. b3 Qd5 16. Qh4 h5 17. c4 Qc6 18. Bb2 Rad8 19. Rf3 a6 20. Raf1 b5 21. Rxf7 bxc4 22. Qe7 Bh6 23. Qf6 Qe4 24. Qxe6 Bxe3+ 25. Kh1 Qxg2+ 26. Kxg2 cxd4 27. Qxg6+ Kh8 28. Qh7# 1-0

[Event "GER T103-A03-S email"]
[Site "GER email"]
[Date "2010.11.04"]
[Round "?"]
[White "Novotny, Hans"]
[Black "Kettl, Hans Peter"]
[Result "1/2-1/2"]
[WhiteElo "1640"]
[BlackElo "1639"]
[PlyCount "112"]
[EventDate "2010.11.11"]
[EventType "tourn (corr)"]
[EventRounds "8"]
[EventCountry "GER"]
[SourceTitle "Corr 2015"]
[Source "ChessBase"]
[SourceDate "2015.07.17"]
[SourceVersion "1"]
[SourceVersionDate "2015.07.17"]
[SourceQuality "1"]

1. f4 d5 2. Nf3 g6 3. g3 Bg7 4. Bg2 Nf6 5. 0-0 0-0 6. c4 c6 7. Qc2 Bg4 8. b3 Qb6+ 9. Kh1 Ne4 10. Bb2 Bxb2 11. Qxb2 Nf2+ 12. Rxf2 Qxf2 13. Nc3 Bxf3 14. Bxf3 e6 15. Rd1 Qb6 16. d4 dxc4 17. Na4 Qb4 18. e4 Rd8 19. d5 cxd5 20. exd5 Na6 21. Qe5 cxb3 22. dxe6 Rxd1+ 23. Bxd1 bxa2 24. exf7+ Kxf7 25. Qd5+ Kf8 26. Qxa2 Qe1+ 27. Kg2 Qxd1 28. Qa3+ Kg7 29. Qe7+ Kg8 30. Qe6+ Kf8 31. Qf6+ Ke8 32. Qh8+ Ke7 33. Qxa8 Qxa4 34. Qxb7+ Kd6 35. Qxa7 Qc6+ 36. Kh3 Qd7+ 37. Qxd7+ Kxd7 38. Kg4 h6 39. f5 g5 40. Kh5 Ke7 41. g4 Kf7 42. Kxh6 Kf6 43. Kh5 Nc5 44. h4 Ne4 45. hxg5+ Nxg5 46. Kh6 Nf7+ 47. Kh5 Ng5 48. Kh6 Nf7+ 49. Kh7 Ng5+ 50. Kh8 Kf7 51. f6 Kxf6 52. Kg8 Ne6 53. Kh7 Kg5 54. Kg8 Kg6 55. g5 Nxg5 56. Kf8 Kf6 1/2-1/2

[Event "GER T103-A03-S email"]
[Site "GER email"]
[Date "2010.11.04"]
[Round "?"]
[White "Novotny, Hans"]
[Black "Meissner, Ruediger"]
[Result "0-1"]
[WhiteElo "1640"]
[BlackElo "2012"]
[PlyCount "46"]
[EventDate "2010.11.11"]
[EventType "tourn (corr)"]
[EventRounds "8"]
[EventCountry "GER"]
[SourceTitle "Corr 2015"]
[Source "ChessBase"]
[SourceDate "2015.07.17"]
[SourceVersion "1"]
[SourceVersionDate "2015.07.17"]
[SourceQuality "1"]

1. f4 d5 2. Nf3 g6 3. g3 Bg7 4. Bg2 Nf6 5. 0-0 0-0 6. d3 b6 7. Nbd2 Ng4 8. Nb3 Bb7 9. h3 Nf6 10. Re1 c5 11. e4 dxe4 12. Ng5 c4 13. Nd2 cxd3 14. Ngxe4 dxc2 15. Qxc2 Nc6 16. Rb1 Nd4 17. Qd3 Nd5 18. b3 Nb4 19. Qc4 Ndc2 20. Bb2 Ba6 21. Nf6+ Bxf6 22. Qe4 Bxb2 23. Qxa8 Qd4+ 0-1